Pokémon - Les attaques de Galeking - Statistiques

Statistiques générales
  • Ce quiz a été pris 15 fois
  • Le résultat moyen est 14 sur 17
Statistiques - réponses
Niveaux Types Noms des attaques % Correct
Départ Normal Charge
100%
Départ Normal Armure
90%
Niveau 40 Normal Bélier
90%
Niveau 80 Normal Damoclès
90%
Niveau 24 Roche Éboulement
90%
Niveau 88 Acier Fulmifer
90%
Départ Acier Griffe Acier
90%
Niveau 28 Acier Tête de Fer
90%
Niveau 16 Normal Coup d'Boule
80%
Niveau 64 Acier Mur de Fer
80%
Niveau 56 Acier Queue de Fer
80%
Niveau 35 Acier Strido-Son
80%
Niveau 72 Acier Tacle Lourd
80%
Départ Roche Tomberoche
80%
Niveau 48 Acier Allègement
60%
Niveau 12 Normal Hurlement
50%
Niveau 20 Normal Abri
40%
Aucun quiz correspondant
Distribution des résultats
% des personnes avec chaque résultat
Percentile par nombre de réponses
Votre historique - résultats
Vous n’avez pas pris ce quiz